Sabrina Carpenter - Espresso Lyrics - Statistics

General Stats
  • This quiz has been taken 699 times
  • The average score is 304 of 378
Answer Stats
Answer % Correct
I
98%
me
97%
espresso
96%
a
95%
he
94%
so
93%
that
93%
That
93%
it
92%
Is
90%
oh
90%
Oh
90%
you
90%
My
88%
my
88%
'bout
87%
do
87%
guess
87%
sweet?
87%
thinkin'
87%
Thinkin'
87%
know
85%
And
84%
and
84%
can't
84%
to
84%
I'm
83%
That's
83%
that's
83%
baby
81%
every
81%
for
81%
night
81%
Now
81%
this
81%
on
80%
he's
79%
singer
79%
'cause
78%
late
78%
sleep
78%
working
78%
your
77%
give
76%
ex
75%
vacation
75%
are
74%
boy
74%
got
74%
like
74%
relate
74%
Say
74%
up
74%
ya
74%
desperation
73%
finger
73%
Nintendo
72%
one
72%
One
72%
won't
72%
calling
71%
don't
71%
down
71%
stop
71%
wrapped
71%
cute
70%
looks
70%
Too
70%
When
70%
bad
69%
right
69%
'round
69%
left
68%
Switch
68%
fucks
67%
get
66%
come
65%
humor
65%
in
65%
him
64%
twisted
64%
way
64%
honeybee
63%
often
62%
pollen
62%
act
61%
make
59%
Move
58%
coffee
56%
skin
56%
dream
55%
came
54%
'em
54%
laugh
54%
they
54%
Soft
53%
Walked
53%
brand
52%
perfumed
52%
brewed
49%
morning
48%
touch
48%
Dew
47%
Mountain
47%
trued
47%
newed
44%
Mm
13%
No matching quizzes found
Score Distribution
Percent of People with Each Score
Percentile by Number Answered
Your Score History
You have not taken this quiz